Logos de marcas #4 - Estadísticas

Estadísticas generales
  • Esta prueba ha sido intentada 5.430 veces
  • La puntuación promedio es 14 de 20
Estadísticas de respuestas
Imagen Respuesta % Correcto
Facebook
100%
Visa
97%
Red Bull
96%
Nintendo
95%
IKEA
94%
Levi Strauss
94%
Tesla
94%
Air Jordan
91%
Bimbo
87%
Louis Vuitton
83%
Snickers
78%
Internet Explorer
77%
Fairy
70%
Fnac
61%
ING
59%
UPS
55%
American Airlines
37%
John Deere
34%
Telemundo
22%
Fruit of the Loom
15%
No se encontraron pruebas coincidentes
Distribución de puntuación
Porcentaje de gente con cada puntuación
Porcentaje por número respondido
Historial de tus puntuaciones
No has intentado esta prueba.